Knoller C.II /

Hlavní autor: Plavec, Michal, 1973-
Jazyk: Čeština
Vydáno: Praha : Národní technické muzeum, 2022
Edice: Příběhy sbírkových předmětů
Témata:
Fyzický popis: 71 stran : ilustrace (některé barevné), portréty, faksimile ; 18 x 25 cm
Language note: Český text, české a anglické resumé
Knihy
Uloženo v:
LEADER 02678nam a2200697 i 4500
001 nkc20233516358
003 CZ PrNK
005 20230511131924.0
007 ta
008 230419s2022 xr ach e 000 0 cze
015 |a cnb003516358 
020 |a 978-80-7037-389-7  |q (brožováno) 
035 |a (OCoLC)1381700445 
040 |a BOA001  |b cze  |d OLA001  |e rda 
041 0 |a cze  |b cze  |b eng 
043 |a e-au---  |a e-hu--- 
045 |a x-x- 
072 7 |a 623  |x Vojenská technika  |2 Konspekt  |9 19 
080 |a 623.746.4  |2 MRF 
080 |a 629.73-051  |2 MRF 
080 |a 629.73:338.45  |2 MRF 
080 |a 629.7(091)  |2 MRF 
080 |a 355.48(100)"1914/1918"  |2 MRF 
080 |a (436+439)  |2 MRF 
080 |a (048.8)  |2 MRF 
100 1 |a Plavec, Michal,  |d 1973-  |7 mzk2002160936  |4 aut 
245 1 0 |a Knoller C.II /  |c autor: Michal Plavec 
246 1 |i Název v tiráži:  |a Knoller C.I/C.II 
264 1 |a Praha :  |b Národní technické muzeum,  |c 2022 
300 |a 71 stran :  |b ilustrace (některé barevné), portréty, faksimile ;  |c 18 x 25 cm 
336 |a text  |b txt  |2 rdacontent 
336 |a statický obraz  |b sti  |2 rdacontent 
337 |a bez média  |b n  |2 rdamedia 
338 |a svazek  |b nc  |2 rdacarrier 
490 1 |a Příběhy sbírkových předmětů 
500 |a Název z obálky 
500 |a 300 výtisků 
504 |a Obsahuje bibliografické odkazy 
546 |a Český text, české a anglické resumé 
648 7 |a 20. století  |7 ch460558  |2 czenas 
648 7 |a 1914-1918  |7 ch460644  |2 czenas 
650 0 7 |a Knoller C.II (bombardovací letadlo)  |7 ph1187626  |2 czenas 
650 0 7 |a bombardovací letadla  |7 ph118962  |z Rakousko-Uhersko  |y 1914-1918  |2 czenas 
650 0 7 |a letci  |7 ph122260  |z Rakousko-Uhersko  |y 20. století  |2 czenas 
650 0 7 |a letecký průmysl  |7 ph122267  |z Rakousko-Uhersko  |y 20. století  |2 czenas 
650 0 7 |a dějiny letectví  |7 ph488979  |y 20. století  |2 czenas 
650 0 7 |a první světová válka (1914-1918)  |7 ph126327  |2 czenas 
650 0 9 |a Knoller C.II (bomber)  |2 eczenas 
650 0 9 |a bombers  |z Austro-Hungarian Monarchy  |y 1914-1918  |2 eczenas 
650 0 9 |a air pilots  |z Austro-Hungarian Monarchy  |y 20th century  |2 eczenas 
650 0 9 |a aircraft industry  |z Austro-Hungarian Monarchy  |y 20th century  |2 eczenas 
650 0 9 |a history of aviation  |y 20th century  |2 eczenas 
650 0 9 |a World War (1914-1918)  |2 eczenas 
655 7 |a monografie  |7 fd132842  |2 czenas 
655 9 |a monographs  |2 eczenas 
830 0 |a Příběhy sbírkových předmětů  |0 s 
910 2 |a BOA001  |b 2-1506.789 
990 |a BK 
995 |a 01 
991 |b 202305  |c NOV 
996 6 |b 2610937109  |c 2-1506.789  |l MZK  |r Sklad / do 1 hodiny  |n 0  |p p.v.  |w 001922922  |u 000010  |a 1  |e BOA001  |j MZK50  |s P